00935cam a2200253 a 450000100100000000500170001000800410002702000150006804000290008308200180011210000280013024500890015826000330024730000210028050000640030150400330036565000300039865000420042870000290047091000340049904900090053395201220054299900170066400001811120200929165347.0750210s1974 xxc b 000 0 fre d a0776189018 aDO-SdBNPbfrecLCdBNPHU a844.54bB863i1 aBrochu, André.93925212aL'instance critique :b1961-1973 /cAndré Brochu ; presentación Francois Ricard. aQuébec :bLeméac,c1974. a375 p. ;c20 cm. aA collection of the author's previously published articles. aBibliografías: p. 369-371. 4aEnsayos canadiense939253 4aLiteratura canadienseySIGLO XX979911 aRicard, Francois.939254 aCatalogación por copia / LC aBNGR 001052708MOaGRbGRcCTd2010-04-15iLF1l0o844.54 B863ip18111-10r2020-06-25w2020-06-25y2ZPréstamo interno c17632d17632